Načítá se...

അന്വേഷണം ആസ്വാദനം

Podrobná bibliografie
Hlavní autoři: എം ഗംഗാധര൯, M Gangadharan
Médium: Printed Book
Vydáno: Kottayam; Sahitya Pravarthaka Co-operative Society Ltd.;
Vydání:1st
Témata:
LEADER 00697nam a22001817a 4500
082 |a 894.M4  |b GAN/A  
100 |a എം ഗംഗാധര൯;  |9 290183 
100 |a M Gangadharan  |9 290184 
240 |a Anweshanam Aswadanam 
245 |a അന്വേഷണം ആസ്വാദനം 
250 |a 1st 
260 |a Kottayam;  |b Sahitya Pravarthaka Co-operative Society Ltd.; 
300 |a 148p. 
650 |a മലയാളം; ലേഖനങ്ങള്‍  |9 290185 
650 |a Malayalam; Essay  |9 290186 
942 |c BK 
999 |c 74480  |d 74480 
952 |0 0  |1 0  |4 0  |6 894_000000000000000_M4_GAN_A  |7 0  |8 ESS  |9 87734  |a MAL  |b MAL  |d 2017-02-23  |e 29494A  |g 6.00  |l 0  |o 894.M4 GAN/A  |p MAL029494A  |r 2017-02-23  |t 1  |w 2017-02-23  |y BK